000
nam a22 7a 4500
999
_c
232544
_d
232544
003
ASAB
005
20170220160952.0
008
170220b xxu||||| |||| 00| 0 eng d
040
_c
ASAB
082
_a
574.9 RAN
245
_a
Molecular biochemistry
_c
Rashmi Rana
942
_2
ddc
_c
BK